[Event "SF Beelen 1 - SC Rochade Emsdetten 2"]
[Site "Verbandsliga 2019/2020"]
[Date "2020.01.11"]
[Round "5.2"]
[White "Hanewinkel, Winfried"]
[Black "Luecke, Thomas"]
[Result "0-1"]
[WhiteElo "1914"]
[BlackElo "1833"]
[PlyCount "34"]
[EventDate "2020.??.??"]
[SourceDate "2019.09.14"]

1. d4 d5 2. c4 c6 3. e3 Nf6 4. Nc3 e6 5. Nf3 Nbd7 6. b3 Bb4 7. Bd2 O-O 8. Bd3
Re8 9. a3 Bd6 10. cxd5 exd5 11. O-O Ne4 12. Ne2 Nxd2 13. Nxd2 Nf6 14. Ng3 Ng4
15. Qf3 Nxh2 16. Kxh2 Qh4+ 17. Kg1 Bg4 0-1

[Event "SF Beelen 1 - SC Rochade Emsdetten 2"]
[Site "Verbandsliga 2019/2020"]
[Date "2020.01.11"]
[Round "5.3"]
[White "Noering, Andreas"]
[Black "Hanewinkel, Martin"]
[Result "1-0"]
[WhiteElo "1791"]
[BlackElo "1853"]
[PlyCount "71"]
[EventDate "2020.??.??"]
[SourceDate "2019.09.14"]

1. e4 c5 2. Nf3 e6 3. d4 cxd4 4. Nxd4 a6 5. Nc3 Qc7 6. Be2 Nf6 7. Bf3 Nc6 8.
Nxc6 dxc6 9. O-O h5 10. h3 Bd7 11. Qe2 e5 12. Be3 b5 13. Rfd1 Be7 14. a3 g6 15.
Rd2 Rd8 16. Bg5 Nh7 17. Bxe7 Kxe7 18. Qe3 Kf6 19. Rad1 Ng5 20. Rd6+ Ne6 21. Qc5
Kg7 22. Qxe5+ f6 23. Rxd7+ Rxd7 24. Qxe6 Rxd1+ 25. Nxd1 Rd8 26. Ne3 Rd6 27. Qe8
Rd8 28. Qe6 Rd6 29. Qb3 Qe7 30. Qc3 Qe6 31. Qa5 Qc8 32. Bxh5 f5 33. Qc3+ Kh7
34. Bf3 Qf8 35. exf5 gxf5 36. Qe5 1-0

[Event "SF Beelen 1 - SC Rochade Emsdetten 2"]
[Site "Verbandsliga 2019/2020"]
[Date "2020.01.11"]
[Round "5.4"]
[White "Hanewinkel, Christian"]
[Black "Colmer, Willi"]
[Result "1/2-1/2"]
[WhiteElo "1803"]
[BlackElo "1781"]
[PlyCount "78"]
[EventDate "2020.??.??"]
[SourceDate "2019.09.14"]

1. e4 c5 2. Nf3 g6 3. h4 Nc6 4. d4 cxd4 5. Nxd4 Bg7 6. Be3 Nf6 7. Nc3 d6 8. f3
Nh5 9. Bb5 Bd7 10. g4 Nf6 11. h5 Ne5 12. Be2 Qc8 13. Qd2 Nc4 14. Bxc4 Qxc4 15.
h6 Bf8 16. b3 Qb4 17. a3 Qa5 18. b4 Qa6 19. b5 Qa5 20. Nb3 Qc7 21. O-O-O e5 22.
Bg5 Be7 23. a4 Be6 24. Kb2 O-O-O 25. Bxf6 Bxf6 26. Nd5 Bxd5 27. Qxd5 Bg5 28.
Rd3 Kb8 29. Rc3 Qe7 30. Na5 Ka8 31. b6 Rc8 32. Nc4 Rhd8 33. bxa7 Rc5 34. Nb6+
Kxa7 35. Rxc5 dxc5 36. Qb3 Qd6 37. Nd5 Rc8 38. c4 Rc6 39. Kc2 f5 1/2-1/2

[Event "SF Beelen 1 - SC Rochade Emsdetten 2"]
[Site "Verbandsliga 2019/2020"]
[Date "2020.01.11"]
[Round "5.5"]
[White "Hemmers, Dieter"]
[Black "Cigelski, Rudolf"]
[Result "1-0"]
[WhiteElo "1773"]
[BlackElo "1798"]
[PlyCount "79"]
[EventDate "2020.??.??"]
[SourceDate "2019.09.14"]

1. e4 e5 2. Nf3 Nc6 3. Bb5 a6 4. Ba4 Nf6 5. O-O Be7 6. Re1 b5 7. Bb3 O-O 8. c3
d6 9. h3 Nb8 10. d4 Nbd7 11. Bg5 c5 12. Nbd2 c4 13. Bc2 Re8 14. b3 cxb3 15.
axb3 Bb7 16. c4 Rc8 17. Bd3 b4 18. Qb1 Bf8 19. Nf1 g6 20. Ra2 Bg7 21. dxe5 dxe5
22. Rd2 Qc7 23. Ne3 h6 24. Bh4 Nh5 25. Bc2 Nf8 26. Red1 Qc5 27. Nf1 Ne6 28. Bg3
Nxg3 29. Nxg3 a5 30. Nf1 h5 31. Ne3 Bh6 32. Re2 Rcd8 33. Nd5 Bg7 34. Qc1 a4 35.
Qd2 Bxd5 36. exd5 Nf4 37. Ree1 a3 38. Bb1 Rd6 39. Qe3 Qa7 40. Qxa7 1-0

[Event "SF Beelen 1 - SC Rochade Emsdetten 2"]
[Site "Verbandsliga 2019/2020"]
[Date "2020.01.11"]
[Round "5.6"]
[White "Fartmann, Franz Josef"]
[Black "Fehlings, Gerd"]
[Result "1/2-1/2"]
[WhiteElo "1796"]
[BlackElo "1729"]
[PlyCount "61"]
[EventDate "2020.??.??"]
[SourceDate "2019.09.14"]

1. Nf3 Nf6 2. g3 b6 3. Bg2 Bb7 4. O-O e6 5. c4 Be7 6. Nc3 c5 7. e3 O-O 8. Ne2
Qc7 9. b3 d5 10. cxd5 Nxd5 11. Bb2 Nc6 12. a3 Rfd8 13. Qc2 Rac8 14. Rfd1 Bf6
15. Rac1 Qb8 16. e4 Nd4 17. Nexd4 cxd4 18. Qd3 Ne7 19. Rxc8 Bxc8 20. Rc1 e5 21.
b4 Bb7 22. b5 Rc8 23. Bh3 Rxc1+ 24. Bxc1 Qc7 25. Bb2 Nc8 26. Ne1 Nd6 27. f3 Be7
28. Bf1 Bc8 29. Qc2 Qxc2 30. Nxc2 Nb7 31. Bc4 1/2-1/2

[Event "SF Beelen 1 - SC Rochade Emsdetten 2"]
[Site "Verbandsliga 2019/2020"]
[Date "2020.01.11"]
[Round "5.7"]
[White "Bahr, Maximilian"]
[Black "Austermann, Reinhold"]
[Result "0-1"]
[WhiteElo "1738"]
[BlackElo "1733"]
[PlyCount "60"]
[EventDate "2020.??.??"]
[SourceDate "2019.09.14"]

1. d4 d5 2. c4 e6 3. Nc3 c6 4. Nf3 Bd6 5. e3 f5 6. Bd3 Nf6 7. Bd2 O-O 8. Qc2
Ne4 9. Ne2 Nd7 10. h4 Qf6 11. g3 e5 12. dxe5 Nxe5 13. Nxe5 Bxe5 14. Nf4 Nxd2
15. Kxd2 d4 16. Rab1 b6 17. c5 b5 18. Rhe1 dxe3+ 19. Kxe3 Bxf4+ 20. Kxf4 Be6
21. b4 Bd5 22. Ke3 Rad8 23. f4 Rfe8+ 24. Kd2 Be4 25. Re3 Rxd3+ 26. Rxd3 Bxd3
27. Kxd3 Qd8+ 28. Kc3 Re3+ 29. Kb2 Qd4+ 30. Kc1 Re1+ 0-1

[Event "SF Beelen 1 - SC Rochade Emsdetten 2"]
[Site "Verbandsliga 2019/2020"]
[Date "2020.01.11"]
[Round "5.8"]
[White "Beckmann, Frank"]
[Black "Schmidt, Frank"]
[Result "1/2-1/2"]
[WhiteElo "1741"]
[BlackElo "1558"]
[PlyCount "86"]
[EventDate "2020.??.??"]
[SourceDate "2019.09.14"]

1. d4 Nf6 2. Nf3 d5 3. e3 g6 4. c4 c6 5. Nc3 Bg7 6. b4 O-O 7. Qb3 Be6 8. Bb2
dxc4 9. Bxc4 Bxc4 10. Qxc4 Nbd7 11. O-O Nb6 12. Qb3 Nbd5 13. Rac1 Nxc3 14. Bxc3
Qd5 15. Nd2 Qxb3 16. Nxb3 Nd5 17. Rfd1 Bh6 18. Rd3 Rfd8 19. Bd2 e6 20. a3 Bf8
21. f3 Be7 22. Kf2 Kg7 23. Ke2 Rd7 24. e4 Nb6 25. Be3 Rad8 26. Na5 Nc8 27. Rcd1
Bd6 28. h3 Ne7 29. e5 Bb8 30. Bg5 h6 31. Bxe7 Rxe7 32. Ke3 a6 33. Nc4 Red7 34.
Nb6 Re7 35. Na4 Red7 36. Nc5 Re7 37. g4 Rd5 38. Ke4 Rd8 39. f4 f5+ 40. gxf5
exf5+ 41. Kf3 Rd5 42. R3d2 Ba7 43. Ke3 Kh7 1/2-1/2

[Event "SK Königsspringer Nordwalde 1 - Schach "]
[Site "Verbandsliga 2019/2020"]
[Date "2020.01.11"]
[Round "5.1"]
[White "Melkert, Tim"]
[Black "Lerke, Bernd"]
[Result "0-1"]
[WhiteElo "1945"]
[BlackElo "1884"]
[PlyCount "124"]
[EventDate "2020.??.??"]
[SourceDate "2019.09.14"]

1. e4 e6 2. d4 c5 3. d5 d6 4. c4 e5 5. Nc3 Be7 6. Nf3 Nd7 7. Bd3 Ngf6 8. O-O a6
9. Rb1 Nh5 10. Re1 O-O 11. Na4 Rb8 12. b4 Nf4 13. bxc5 Nxd3 14. Qxd3 dxc5 15.
d6 Bf6 16. Nc3 b6 17. Nd5 h6 18. Nd2 Bg5 19. Nf1 Bb7 20. Bxg5 Qxg5 21. Ne7+ Kh8
22. Qh3 Nf6 23. Ng3 Bc8 24. Nxc8 Rfxc8 25. Rxb6 Rd8 26. Rxb8 Rxb8 27. Rd1 Rd8
28. Qf5 g6 29. Qxg5 hxg5 30. f3 Ne8 31. d7 Nf6 32. Rd6 Kg7 33. Rxa6 Rxd7 34.
Nf1 Rd1 35. Kf2 Nd7 36. Ne3 Rc1 37. Rd6 Nf8 38. Kg3 Rc3 39. Ng4 Rxc4 40. Nxe5
Ra4 41. Rd2 Kf6 42. Ng4+ Ke7 43. Ne3 Nd7 44. Nd5+ Ke6 45. Kg4 f6 46. Kg3 Ra3
47. Kf2 Ne5 48. Nc7+ Ke7 49. Rc2 g4 50. Nd5+ Kf7 51. f4 Nd7 52. Ne3 Ra4 53. Nc4
f5 54. e5 Ke7 55. Kg3 Nf8 56. Nb6 Ra3+ 57. Kh4 Ne6 58. Nd5+ Kf7 59. Rb2 Ra7 60.
g3 Nd4 61. e6+ Kg7 62. Rb3 Rxa2 0-1

[Event "SK Königsspringer Nordwalde 1 - Schach "]
[Site "Verbandsliga 2019/2020"]
[Date "2020.01.11"]
[Round "5.2"]
[White "Sandmann, Matthias"]
[Black "Wetterau, Georg"]
[Result "1-0"]
[WhiteElo "1751"]
[BlackElo "1818"]
[PlyCount "63"]
[EventDate "2020.??.??"]
[SourceDate "2019.09.14"]

1. Nf3 Nf6 2. d4 d5 3. Bg5 e6 4. Nbd2 Be7 5. Ne5 Ne4 6. Bf4 f6 7. Nd3 Bd6 8. f3
Bxf4 9. Nxf4 Nxd2 10. Qxd2 c6 11. Nd3 O-O 12. c3 b6 13. e4 dxe4 14. fxe4 e5 15.
dxe5 fxe5 16. Nxe5 Qh4+ 17. Kd1 Be6 18. Qe3 Qf6 19. Nf3 Nd7 20. Be2 Rad8 21.
Kc2 Nc5 22. Rhf1 Nxe4 23. Nd4 Qg6 24. Rxf8+ Rxf8 25. Nxe6 Qxe6 26. Bf3 Nc5 27.
Qxe6+ Nxe6 28. Bxc6 Rf2+ 29. Kb3 Nc5+ 30. Ka3 a5 31. Rd1 Kf8 32. Rd8+ 1-0

[Event "SK Königsspringer Nordwalde 1 - Schach "]
[Site "Verbandsliga 2019/2020"]
[Date "2020.01.11"]
[Round "5.3"]
[White "Schipke, Thorsten"]
[Black "Kasubke, Manfred"]
[Result "1-0"]
[WhiteElo "1838"]
[BlackElo "1834"]
[PlyCount "69"]
[EventDate "2020.??.??"]
[SourceDate "2019.09.14"]

1. e4 Nf6 2. e5 Nd5 3. Nc3 Nxc3 4. dxc3 e6 5. Bf4 b6 6. Nf3 h6 7. Bd3 Bb7 8.
Qe2 d5 9. exd6 Bxd6 10. Bxd6 Qxd6 11. O-O-O Qf4+ 12. Kb1 O-O 13. Nd4 c5 14. Nf3
Bxf3 15. gxf3 Nc6 16. Rde1 Rad8 17. Rhg1 c4 18. Bxc4 Rd2 19. Qf1 Qxf3 20. Rg2
Rfd8 21. Be2 Qd5 22. Rg1 Ne5 23. f4 Rxe2 24. Qxe2 Nf3 25. Rd1 Nd2+ 26. Ka1 f6
27. b3 e5 28. fxe5 fxe5 29. Kb2 e4 30. Kc1 Qc5 31. Kb2 e3 32. Rg3 b5 33. Rxe3
Nc4+ 34. bxc4 Rf8 35. cxb5 1-0

[Event "SK Königsspringer Nordwalde 1 - Schach "]
[Site "Verbandsliga 2019/2020"]
[Date "2020.01.11"]
[Round "5.4"]
[White "Hols, Bernhard"]
[Black "Schulte Austum, Frank"]
[Result "1/2-1/2"]
[WhiteElo "1774"]
[BlackElo "1734"]
[PlyCount "34"]
[EventDate "2020.??.??"]
[SourceDate "2019.09.14"]

1. d4 d5 2. Nf3 e6 3. Bf4 Bd6 4. Bg3 Nf6 5. Nbd2 c5 6. e3 Nc6 7. c3 b6 8. Rc1
Bb7 9. Bd3 a6 10. O-O Bxg3 11. hxg3 O-O 12. Bb1 Ne7 13. Ng5 h6 14. Nh3 g6 15.
g4 Kg7 16. Nf4 Qd6 17. f3 cxd4 1/2-1/2

[Event "SK Königsspringer Nordwalde 1 - Schach "]
[Site "Verbandsliga 2019/2020"]
[Date "2020.01.11"]
[Round "5.5"]
[White "Hagemann, Lars"]
[Black "Schmidt, Ralf"]
[Result "1/2-1/2"]
[WhiteElo "1724"]
[BlackElo "1608"]
[PlyCount "26"]
[EventDate "2020.??.??"]
[SourceDate "2019.09.14"]

1. e4 c5 2. Nf3 g6 3. d4 cxd4 4. Nxd4 Nc6 5. Be3 Bg7 6. c3 Nf6 7. Nd2 d5 8.
Nxc6 bxc6 9. f3 O-O 10. Be2 Qa5 11. Qc2 dxe4 12. Nxe4 Nxe4 13. fxe4 Qc7 1/2-1/2

[Event "SK Königsspringer Nordwalde 1 - Schach "]
[Site "Verbandsliga 2019/2020"]
[Date "2020.01.11"]
[Round "5.6"]
[White "Diepenbrock, Till"]
[Black "Van de Vyle, Jan"]
[Result "1/2-1/2"]
[WhiteElo "1788"]
[BlackElo "1778"]
[PlyCount "53"]
[EventDate "2020.??.??"]
[SourceDate "2019.09.14"]

1. e4 e5 2. Nf3 Nc6 3. Bc4 Nf6 4. Ng5 d5 5. exd5 Na5 6. Bb5+ c6 7. dxc6 Nxc6 8.
Qf3 Bd7 9. Bd3 Be7 10. Nc3 O-O 11. O-O h6 12. Nge4 Nd5 13. Ng3 Nf4 14. Nce2
Nxd3 15. Qxd3 f5 16. b3 e4 17. Qe3 Qc7 18. Nf4 Bd6 19. Ngh5 Rae8 20. Bb2 g5 21.
Ng6 Rf7 22. Nf6+ Rxf6 23. Bxf6 Kf7 24. Be5 Bxe5 25. Nxe5+ Rxe5 26. f4 exf3 27.
Qxf3 1/2-1/2

[Event "SK Königsspringer Nordwalde 1 - Schach "]
[Site "Verbandsliga 2019/2020"]
[Date "2020.01.11"]
[Round "5.7"]
[White "Harms, Heiko"]
[Black "Steens, Rudolf"]
[Result "0-1"]
[WhiteElo "1513"]
[BlackElo "1808"]
[PlyCount "82"]
[EventDate "2020.??.??"]
[SourceDate "2019.09.14"]

1. e4 e6 2. d4 d5 3. exd5 exd5 4. Nf3 Bd6 5. Nc3 Ne7 6. Bg5 c6 7. Be2 Bf5 8.
O-O O-O 9. Qd2 Qc7 10. Bxe7 Bxe7 11. Rfe1 Bf6 12. Bd3 Bxd3 13. Qxd3 Nd7 14. Ne2
Rfe8 15. Ng3 g6 16. c3 Kf8 17. Qd2 Kg7 18. Re2 Rxe2 19. Qxe2 Nf8 20. Re1 Ne6
21. Qd2 Re8 22. Ne2 Re7 23. g3 Qd6 24. b4 b5 25. Nc1 Bg5 26. Qd1 Bxc1 27. Qxc1
Nd8 28. Re3 f6 29. Qe1 Kf7 30. Nh4 Re6 31. Ng2 Qe7 32. Qd2 Rxe3 33. Nxe3 Qe4
34. Qc2 Qxc2 35. Nxc2 Ne6 36. f4 Nc7 37. Kf2 Ke6 38. Kf3 Ne8 39. g4 Nd6 40. Ne3
Ne4 41. f5+ Kf7 0-1

[Event "SK Königsspringer Nordwalde 1 - Schach "]
[Site "Verbandsliga 2019/2020"]
[Date "2020.01.11"]
[Round "5.8"]
[White "Keller, Hansjuergen"]
[Black "Hagemann, Bjoern"]
[Result "0-1"]
[WhiteElo "1615"]
[BlackElo "1438"]
[PlyCount "106"]
[EventDate "2020.??.??"]
[SourceDate "2019.09.14"]

1. d4 Nf6 2. Bf4 g6 3. Nc3 Bg7 4. e4 d6 5. Qd2 O-O 6. Nf3 a6 7. Bh6 Nbd7 8.
Bxg7 Kxg7 9. O-O-O Nb6 10. e5 Nfd5 11. Nxd5 Nxd5 12. h4 Bg4 13. Be2 h5 14. Ng5
Bf5 15. f3 Qd7 16. Ne4 Qa4 17. Kb1 a5 18. Nc3 Qc6 19. Nxd5 Qxd5 20. g4 Be6 21.
c4 Qc6 22. d5 Qd7 23. dxe6 Qxe6 24. gxh5 Qf5+ 25. Qd3 Qxh5 26. f4 Qf5 27. Qxf5
gxf5 28. exd6 cxd6 29. Rhg1+ Kf6 30. Bf3 Rab8 31. h5 b5 32. cxb5 Rxb5 33. Rd5
Rxd5 34. Bxd5 Rh8 35. Bf3 e5 36. fxe5+ dxe5 37. Kc2 e4 38. Bd1 f4 39. Kc3 Ke5
40. Rg5+ f5 41. b4 axb4+ 42. Kxb4 f3 43. a4 Rd8 44. Bxf3 exf3 45. Rg1 Kf4 46.
a5 f2 47. Ra1 Re8 48. Rf1 Kf3 49. a6 Kg2 50. Rxf2+ Kxf2 51. Kb5 Kg3 52. h6 f4
53. Kb6 f3 0-1